Honda-Acura Models by 2010 U.S. Sales Quiz Stats

 Plays Quiz not verified by Sporcle

Challenge
Share
Tweet
Embed
Score 0/17 Timer 03:00
0 Plays Today
Sales Model % Correct
282,530Honda Accord
87%
260,218Honda Civic
86%
108,182Honda Odyssey
78.6%
203,714Honda CR-V
72.1%
34,049Acura TL
72.1%
102,323Honda Pilot
71.2%
47,210Acura MDX
71.2%
32,076Acura TSX
69.8%
16,142Honda Ridgeline
69.3%
Sales Model % Correct
54,354Honda Fit
66.5%
14,975Acura RDX
64.2%
2,037Acura RL
61.4%
20,962Honda Insight
57.2%
5,249Honda CR-Z
48.4%
14,247Honda Element
44.2%
3,259Acura ZDX
40.9%
28,851Honda Accord Crosstour
34.9%

You're not logged in!

Compare scores with friends on all Sporcle quizzes.
Join for Free
OR
Log In

You Might Also Like...

Show Comments

Extras

Top Quizzes Today


Score Distribution

Your Account Isn't Verified!

In order to create a playlist on Sporcle, you need to verify the email address you used during registration. Go to your Sporcle Settings to finish the process.

Report this User

Report this user for behavior that violates our Community Guidelines.

Details: